| 000 | 04170nam0a2200529 4500 | ||
|---|---|---|---|
| 001 | RU\NLR\BIBL_A\011956235 | ||
| 005 | 20250806210642.0 | ||
| 020 |
_aRU _9Ленинград в Великой Отечественной войне. Коллекция. Афиши |
||
| 035 | _a(NLR Aleph) 011956235 | ||
| 090 |
_a66300 _c66300 |
||
| 100 | _a20190311d1944 u y0rusy50 ca | ||
| 101 | 0 | _arus | |
| 102 | _aRU | ||
| 105 | _ay z 000zy | ||
| 135 | _acrcn 024anaba | ||
| 200 | 1 |
_aВечер русской народной песни. Заключительный концерт Ленинградских исполнителей, участников Всероссийского смотра хоровых коллективов, ансамблей и солистов. Суббота 5 августа 1944 г. _e[афиша] _fУправление по делам искусств Исполкома Ленгорсовета, Сад отдыха, (Закрытый летний театр) |
|
| 210 |
_a[Ленинград] _cЛТ УН-9 _d1944 |
||
| 215 |
_a1 л. _d48х62 |
||
| 300 | _aКасса открыта с 12 до 20 час. Начало в 19 ч. 30 м. Ежедневно работает читальн. зал. Ежедневно с 18 ч. концерты духов. орк. под упр. дириж. Н.И. Маслова. В саду работает ресторан. Вход в сад 2 руб. Купившие билеты в театр за вход в сад не платят | ||
| 300 | _aЗак. 1871 | ||
| 325 | _aКопия доступна в Электрон. б-ке РНБ | ||
| 327 | _aВыступают: Ансамбль Красноармейской песни и пляски Ленфронта. Художественный руководитель А.И. Анисимов. Женский хор МПВО. Художественный руководитель Заслуженный артист РСФСР Н.Н. Куклин. Ансамбль песни и пляски Погранвойск НКВД Ленфронта. Художественный руководитель А.В. Михайлов [и др.] | ||
| 606 | 1 |
_aТеатральная жизнь _yЛенинград, город _z1941 - 1944 _jАфиши _2nlr_sh2 _3RU\NLR\AUTH\6601649837 |
|
| 686 | _aЩ333(2Р=Рус)7- 692Ленинград | ||
| 711 | 0 | 2 |
_aСад отдыха _bЗакрытый летний театр _cЛенинград _3RU\NLR\AUTH\880495861 |
| 711 | 1 | 2 |
_aВсероссийский смотр хоровых коллективов. ансамблей и солистов-исполнителей русской народной песни _f1944 _3RU\NLR\AUTH\880358495 |
| 712 | 0 | 2 |
_aЛенинградское городское управление по делам искусств _3RU\NLR\AUTH\889975365 _4570 |
| 712 | 0 | 2 |
_aАнсамбль красноармейской песни и пляски Ленинградского фронта _3RU\NLR\AUTH\880496125 _4570 |
| 712 | 0 | 2 |
_aАнсамбль песни и пляски войск НКВД Ленинградского фронта _3RU\NLR\AUTH\880496510 _4570 |
| 712 | 0 | 2 |
_aЖенский хор МПВО _cЛенинград _3RU\NLR\AUTH\880496796 _4570 |
| 852 |
_aNLR _jЛ3-330а/23-1/3/1944-авг.а(2) |
||
| 856 | 0 | _uhttp://vivaldi.nlr.ru/ll000010674/view | |
| 856 | 1 | _uhttp://vivaldi.nlr.ru/ll000010674/cover | |
| 856 | 2 | _uhttp://vivaldi.nlr.ru/ll000010674/text | |
| 942 | _cVISUAL | ||
| 945 | _aРоссийская национальная библиотека | ||
| 980 | _aNB | ||
| 980 | _aBV | ||
| 980 | 3 | _akplen | |
| 980 | 3 | _akp | |
| 981 | 3 | 7 |
_a(37) Ленинград в Великой Отечественной войне _b(37) Афиши блокадного Ленинграда |